Discographie de Tip Stevens (de Condor Chap 1 à Chap 2) - Statistiques

Statistiques générales
  • Ce quiz a été pris 225 fois
    93 depuis la dernière actualisation
  • Le résultat moyen est 40 sur 47
Statistiques - réponses
Ep Morceaux % Correct
Condor (Chapter 1: Body) Condor
98%
Quetzal Flowers to the Moon
98%
Condor (Chapter 1: Body) Home
98%
Kaioty Kaioty
95%
Mamba Mamba
95%
Fireflies Fireflies
93%
Bengal Sugar Rush
93%
Condor (Chapter 2: Spirit) A New Home
91%
Elephant Emperor
91%
Mamba Knock Knock
91%
Condor (Chapter 1: Body) Ordinary
91%
Elephant 00:14
90%
Fireflies Deeper
90%
Condor (Chapter 1: Body) Higher (Interlude)
90%
Raccoon It's Not a Love Song
90%
Kaioty Miracle
90%
Fireflies Paper Planes
90%
Mamba Rocket
90%
Bengal Fat Cat
88%
Fireflies Kalahari
88%
Elephant Washing Machine
88%
Raccoon Sirens
86%
Condor (Chapter 2: Spirit) Spitfire
86%
Kaioty Stay in Your Cage
86%
Kaioty Ember
84%
Raccoon F.T.L
84%
Condor (Chapter 2: Spirit) Slow Steps
84%
Condor (Chapter 1: Body) The Chemicals
84%
Bengal Captain Overboard
83%
Mamba Watch 'Em All Burn
83%
Condor (Chapter 2: Spirit) Quiet!
81%
Manta Sanctuary
81%
Elephant Stomp Me
81%
Manta The Top
81%
Quetzal Mr. Sun
79%
Condor (Chapter 2: Spirit) The Walls (Interlude)
79%
Bengal I'm Not Your Friend
78%
Elephant Encore
76%
Bengal Silver Tongue
74%
Manta Leap of Faith
72%
Fireflies Tell Me
72%
Quetzal Birds of a Feather
71%
Manta Once Again
71%
Kaioty The Remedy
71%
Raccoon Sunny Days
69%
Bengal Only You Know
66%
Quetzal Right on Time
62%
Aucun quiz correspondant
Distribution des résultats
% des personnes avec chaque résultat
Percentile par nombre de réponses
Votre historique - résultats
Vous n’avez pas pris ce quiz depuis la dernière actualisation